O monstro das cores (Record no. 44739)

MARC details
000 -Etiqueta do registo
Valores 00699nam a2200229 4500
010 ## - Número ISBN
ISBN 9789896650216
021 ## - Número do Depósito Legal
Código do país Portugal
Número 400616/15
100 ## - Dados gerais de processamento
Dados gerais 20160321d2015 c y0pory50030103ba
102 ## - País de publicação
País Portugal
200 1# - Titulo e menção de responsabilidade
Título próprio O monstro das cores
Primeira menção de responsabilidade texto e il. Anna Llenas
205 ## - Menção da edição
Edição 1<U+00AA> ed
210 #9 - Publicação
Local de publicação Lisboa
Nome do editor Nuvem de Letras,
Data de publicação 2015
215 ## - Descrição física 
Paginação / Volumes [42] p.
Outras indicações físicas muito il.
Dimensões 25 cm
304 ## - Nota relativa ao título
Texto de nota Tít. orig.: El monstruo de colores
675 ## - CDU
Notação 087.5
Edição BN
Língua por
675 ## - CDU
Notação 159.942(0.053.5)
Edição BN
Língua por
700 #1 - Autor principal (pessoa individual)
Apelido Llenas,
Nome Anna,
Datas 1977-
801 #0 - Fonte de origem
País PT
Agência BN
Regras de catalogação RPC
856 41 - Localização e acesso electrónico 
URL <a href="http://rnod.bnportugal.gov.pt/ImagesBN/winlibimg.aspx?skey=&doc=1925970&img=74558&save=true">http://rnod.bnportugal.gov.pt/ImagesBN/winlibimg.aspx?skey=&doc=1925970&img=74558&save=true</a>
990 ## - Elementos KOHA
Tipo de documento Livro
Holdings
Estado Biblioteca de origem Empréstimo Código de barras Cota Permissão de empréstimo Tipo de documento Nota relativa ao exemplar Forma de aquisição
  Biblioteca Municipal de Redondo Biblioteca Municipal de Redondo | Biblioteca Municipal de Redondo 054107 82-93 ANN   MON Ex. oferecido por CLDS-4G  

Powered by Koha